000 01020nam a22002417a 4500
005 20110131141242.0
008 110131t xxu||||| |||| 00| 0 mar d
010 _aMAR-20535
020 _a9788174869210
_c125.00
035 _aMR-13193
037 _bDBAD / PUB
040 _aDPL
_bMR
082 _a891.462
100 _aदंडवते,वृंदावन
_925697
245 _aत्रिदळ /
_cवृंदावन दंडवते
246 _aTridal
_bby Vrndavan Dandavate
260 _aमुबंई
_bमौज प्रकाशन गृह
_c2010
270 _aखटाववाडी गोरेगांवकर लेन,गिरगाव
_bमुबंई
_e400004
300 _a134पृ
_c21सेमी(अजिल्द)
700 _925694
942 _2ddc
_cMR
_h891.462
_mदंडव
999 _c50228
_d50228